Journal of African Association of physiological sciences (Record no. 38346)

MARC details
000 -LEADER
fixed length control field 00508nam a2200157Ia 4500
022 ## - INTERNATIONAL STANDARD SERIAL NUMBER
ISSN 23159987
050 ## - CALL MARK
Classification number RC 1015 .A37/
245 #0 - TITLE STATEMENT
Title Journal of African Association of physiological sciences
260 ## - PUBLICATION, DISTRIBUTION, ETC. (IMPRINT)
Place of publication Kano, Nigeria
260 ## - PUBLICATION, DISTRIBUTION, ETC. (IMPRINT)
Year of publication 2021
300 ## - PHYSICAL DESCRIPTION
Number of Pages 67 p. :ill. ; 28 cm.
650 ## - SUBJECT ADDED ENTRY--TOPICAL TERM
Topical Term Underwater physiology--Congresses. Deep diving--Physiological aspects--Congresses. Underwater exploration--Congresses.
942 ## - ADDED ENTRY ELEMENTS (KOHA)
Koha item type Serials

No items available.